000 00244 a2200097 4500
001 30775
100 _aHarding
245 _aSocial Psychology and Individual Value
260 _aLondon
_bHutchinson's University Library
_c
090 _c20707
_d20707
942 _aNUST-CAE
_c
_c11900
999 _c265848
_d265848